Central Library OPAC University of Rajshahi

Road transport system of greater Rajshahi District : (Record no. 79665)

MARC details
000 -LEADER
fixed length control field 00914nam a22002417a 4500
001 - CONTROL NUMBER
RUCL Control Number 79665
003 - CONTROL NUMBER IDENTIFIER
rucl marc code BD-RjUL
005 - DATE AND TIME OF LATEST TRANSACTION
control field 20230130100226.0
008 - FIXED-LENGTH DATA ELEMENTS--GENERAL INFORMATION
fixed length control field 220405s1995 bg a|||| m||| 00| 0 eng d
035 ## - SYSTEM CONTROL NUMBER
system control number (BD-RjUL)79665
040 ## - CATALOGING SOURCE
Original cataloging agency BD-RjUL
Language of cataloging eng
Transcribing agency BD-RjUL
Modifying agency BD-RjUL
041 ## - LANGUAGE CODE
Language code of Book eng
082 ## - DEWEY DECIMAL CLASSIFICATION NUMBER
DDC Edition number 23
Classification number 388.154924
Author mark and Year KHR 1995
100 ## - MAIN ENTRY--PERSONAL NAME
Personal name Khatun, MST. Tajkera
9 (RLIN) 1503
245 10 - TITLE STATEMENT
Title Road transport system of greater Rajshahi District :
Remainder of title A Geographical analysis /
Statement of responsibility, etc MST. Tajkera Khatun ;
Name of Supervisor/Co-Supervisor Supervisor : Jafar, Reza Khan
260 ## - PUBLICATION, DISTRIBUTION, ETC. (IMPRINT)
Place of publication, distribution, etc Rajshahi :
Name of publisher, distributor, etc Department of Geography, University of Rajshahi,
Date of publication, distribution, etc 1995
300 ## - PHYSICAL DESCRIPTION
Pagination iv, 120 leaves :
Other physical details ill, ;
Dimensions 29.cm.
502 ## - DISSERTATION NOTE
Dissertation note Thesis (M. Phil.) -- Department of Geography, University of Rajshahi, 1995
504 ## - BIBLIOGRAPHY, ETC. NOTE
Bibliography, etc References : Leaves 16 - 21
650 ## - SUBJECT ADDED ENTRY--TOPICAL TERM
Topical term or geographic name as entry element Road
9 (RLIN) 2260
Form subdivision Trasport
Geographic subdivision Bangladesh, Rajsahi
700 ## - ADDED ENTRY--SUPERVISOR/CO-SUPERVISOR NAME
Personal name Khan, Jafar, Reza, Supervisor
9 (RLIN) 2261
942 ## - ADDED ENTRY ELEMENTS (KOHA)
Source of classification or shelving scheme Dewey Decimal Classification
Koha item type Theses
Holdings
Source of classification or shelving scheme Damaged status Not for loan Collection code Permanent Location Current Location Shelving location Date of accession Source of acquisition Full call number Barcode Date last seen Copy number Thesis
Dewey Decimal Classification   Not For Loan Theses Central Library, University of Rajshahi Central Library, University of Rajshahi Documentation Section 29/01/1997 Controller of Exam. R.U THE 388.154924 KHR 1995 D1842 05/04/2022 C-1 Theses